ბათუმის შოთა რუსთაველის სახელმწიფო უნივერსიტეტის ბიბლიოთეკა

Вопросы психологии : (ბიბ.ჩანაწერი № 56830)

000 -LEADER
fixed length control field 00639nam a22001817a 4500
005 - DATE AND TIME OF LATEST TRANSACTION
control field 20190510143246.0
008 - FIXED-LENGTH DATA ELEMENTS--GENERAL INFORMATION
fixed length control field 190510c2019 ру ||||| |||| 00| 0 рус d
022 ## - INTERNATIONAL STANDARD SERIAL NUMBER
International Standard Serial Number 0042-8841
041 ## - LANGUAGE CODE
Language code of text/sound track or separate title рус
245 ## - TITLE STATEMENT
Title Вопросы психологии :
Remainder of title 2018. Научный журнал /
Statement of responsibility, etc. Гл. ред.: Щедрина Е.В.
260 ## - PUBLICATION, DISTRIBUTION, ETC.
Place of publication, distribution, etc. Москва,
Date of publication, distribution, etc. 2019.
300 ## - PHYSICAL DESCRIPTION
Extent V.
653 ## - INDEX TERM--UNCONTROLLED
Uncontrolled term ფსიქოლოგია
653 ## - INDEX TERM--UNCONTROLLED
Uncontrolled term Вопросы психологии N 6 ноябрь-декабрь 2018.
653 ## - INDEX TERM--UNCONTROLLED
Uncontrolled term периодика
700 ## - ADDED ENTRY--PERSONAL NAME
Personal name Щедрина Е.В.
Relator term Гл. редактор
9 (RLIN) 943
942 ## - ADDED ENTRY ELEMENTS (KOHA)
Source of classification or shelving scheme
Koha item type პერიოდიკა
ეგზემპლარები
Withdrawn status Lost status Source of classification or shelving scheme Damaged status Not for loan Permanent Location Current Location Date acquired Serial Enumeration / chronology Barcode Date last seen Copy number Price effective from Koha item type
        შიდა ფონდი ბათუმის შოთა რუსთაველის სახელმწიფო უნივერსიტეტის მთავარი ბიბლიოთეკა ბათუმის შოთა რუსთაველის სახელმწიფო უნივერსიტეტის მთავარი ბიბლიოთეკა 2019-05-10 N 6 (2018) p80006 2019-05-10 p80006 2019-05-10 პერიოდიკა